[Event "Scarborough CC Early Summer Swiss"]
[Site "Toronto CAN"]
[Date "2007.05.17"]
[Round "2"]
[White "Paterson, Jim"]
[Black "Muir, Tom"]
[Result "0-1"]
[WhiteElo "1858"]
[BlackElo "1523"]
[PlyCount "100"]
[GameId "2160767910684578"]
[EventDate "2007.05.10"]
[EventType "swiss"]
[EventRounds "8"]
[EventCountry "CAN"]
[SourceTitle "EXT 2022"]
[Source "ChessBase"]
[SourceDate "2021.10.06"]
[SourceVersion "1"]
[SourceVersionDate "2021.10.06"]
[SourceQuality "1"]

1. b3 e5 2. Bb2 Nc6 3. c4 Nf6 4. Nc3 d6 5. g3 Be7 6. Bg2 O-O 7. Nf3 Bg4 8. h3 Bf5 9. O-O Qd7 10. Kh2 Rfe8 11. d3 a6 12. Ng5 Rab8 13. Nge4 h6 14. Nxf6+ Bxf6 15. Nd5 Bd8 16. e4 Bh7 17. g4 Nd4 18. f4 c6 19. Ne3 exf4 20. Bxd4 fxe3 21. Bxe3 d5 22. Bf4 Bc7 23. Qf3 dxe4 24. dxe4 Bxe4 25. Qg3 Bxg2 26. Kxg2 Bxf4 27. Qxf4 Re2+ 28. Kh1 Rbe8 29. Rad1 Qe6 30. Rd2 Rxd2 31. Qxd2 Qe4+ 32. Kh2 Qe2+ 33. Rf2 Qe5+ 34. Kg2 Qc7 35. Rf5 Re6 36. Rf2 Qe7 37. Qf4 Rf6 38. Qb8+ Kh7 39. Rxf6 gxf6 40. Qf4 Kg7 41. Kf2 b5 42. h4 Qe5 43. Qxe5 fxe5 44. Kf3 Kg6 45. Ke4 f6 46. b4 h5 47. g5 fxg5 48. hxg5 Kxg5 49. Kxe5 h4 50. Ke4 Kg4 0-1

[Event "Scarborough CC Early Summer Swiss"]
[Site "Toronto CAN"]
[Date "2007.05.17"]
[Round "2"]
[White "Samaroo, Muneshwar"]
[Black "Karpik, Steve"]
[Result "0-1"]
[WhiteElo "1513"]
[BlackElo "1637"]
[PlyCount "102"]
[GameId "2160767910684579"]
[EventDate "2007.05.10"]
[EventType "swiss"]
[EventRounds "8"]
[EventCountry "CAN"]
[SourceTitle "EXT 2022"]
[Source "ChessBase"]
[SourceDate "2021.10.06"]
[SourceVersion "1"]
[SourceVersionDate "2021.10.06"]
[SourceQuality "1"]

1. e4 d6 2. Nf3 Nf6 3. Nc3 g6 4. h3 Bg7 5. Bc4 O-O 6. d4 Nxe4 7. Bxf7+ Rxf7 8. Nxe4 Nc6 9. c3 Qe8 10. O-O e5 11. Neg5 Rf8 12. Qb3+ Kh8 13. Re1 h6 14. dxe5 Nxe5 15. Nxe5 Bxe5 16. Ne4 Bg7 17. Bd2 Qf7 18. Qxf7 Rxf7 19. g4 g5 20. Ng3 Bd7 21. Be3 a6 22. Rad1 Re8 23. Nh5 Rfe7 24. Nxg7 Kxg7 25. c4 Bc6 26. Bd4+ Kf7 27. Rxe7+ Rxe7 28. Be3 Bf3 29. Rd2 Re6 30. Kh2 c6 31. Kg3 Be4 32. h4 gxh4+ 33. Kxh4 Kg6 34. b3 Bf3 35. Rd4 d5 36. c5 Be4 37. b4 Rf6 38. f4 Rf7 39. f5+ Kh7 40. Kh5 Rf6 41. Bf4 Bf3 42. Kh4 h5 43. Bg5 Rf7 44. Kxh5 Rxf5 45. Rf4 Rxf4 46. Bxf4 Be2 47. Be5 Kg8 48. Kg5 Kf7 49. Kf5 Bd3+ 50. Kf4 Bg6 51. g5 Ke6 0-1

[Event "Scarborough CC Early Summer Swiss"]
[Site "Toronto CAN"]
[Date "2007.05.17"]
[Round "2"]
[White "Sherman, Joshua"]
[Black "Yuan, Yuanling"]
[Result "0-1"]
[WhiteElo "1735"]
[BlackElo "1951"]
[PlyCount "58"]
[GameId "2160767910684580"]
[EventDate "2007.05.10"]
[EventType "swiss"]
[EventRounds "8"]
[EventCountry "CAN"]
[SourceTitle "EXT 2022"]
[Source "ChessBase"]
[SourceDate "2021.10.06"]
[SourceVersion "1"]
[SourceVersionDate "2021.10.06"]
[SourceQuality "1"]

1. e4 c5 2. d4 cxd4 3. c3 dxc3 4. Nxc3 g6 5. Bc4 Bg7 6. Nf3 Nc6 7. O-O d6 8. Qe2 Nf6 9. e5 dxe5 10. Nxe5 Nxe5 11. Qxe5 O-O 12. Rd1 Nd7 13. Qe2 e5 14. Be3 Qh4 15. g3 Qh3 16. Nd5 b6 17. Ne7+ Kh8 18. Qf3 Rb8 19. Nxc8 Rbxc8 20. Ba6 Rc2 21. Bd3 Rxb2 22. Bc1 e4 23. Bxe4 Ne5 24. Qg2 Qxg2+ 25. Bxg2 Rc2 26. Ba3 Rfc8 27. Rdc1 h5 28. Rab1 Nd3 29. Rxc2 Rxc2 0-1

[Event "Scarborough CC Early Summer Swiss"]
[Site "Toronto CAN"]
[Date "2007.05.17"]
[Round "2"]
[White "Verde, Pino"]
[Black "Lamb, Bryan"]
[Result "0-1"]
[WhiteElo "1762"]
[BlackElo "2204"]
[PlyCount "56"]
[GameId "2160767910684581"]
[EventDate "2007.05.10"]
[EventType "swiss"]
[EventRounds "8"]
[EventCountry "CAN"]
[SourceTitle "EXT 2022"]
[Source "ChessBase"]
[SourceDate "2021.10.06"]
[SourceVersion "1"]
[SourceVersionDate "2021.10.06"]
[SourceQuality "1"]

1. e4 e6 2. d4 d5 3. Nd2 Nf6 4. e5 Nfd7 5. Ngf3 c5 6. c3 Nc6 7. Bb5 Qb6 8. Bxc6 bxc6 9. Nb3 Ba6 10. Be3 c4 11. Nc5 Nxc5 12. dxc5 Qxb2 13. O-O Qxc3 14. Nd4 Bxc5 15. Qa4 Bb7 16. Nb5 Qb4 17. Nc7+ Kd7 18. Qxb4 Bxb4 19. Nxa8 Bc3 20. Rab1 Bxa8 21. Bxa7 Bxe5 22. f4 Bd6 23. Bd4 f6 24. Be3 c5 25. Kf2 Bc6 26. g3 Ra8 27. Rb2 d4 28. Bc1 c3 0-1

[Event "Scarborough CC Early Summer Swiss"]
[Site "Toronto CAN"]
[Date "2007.05.24"]
[Round "3"]
[White "Armstrong, Robert J"]
[Black "Deiseach, Donald"]
[Result "0-1"]
[WhiteElo "1783"]
[BlackElo "1952"]
[PlyCount "56"]
[GameId "2160767910684583"]
[EventDate "2007.05.10"]
[EventType "swiss"]
[EventRounds "8"]
[EventCountry "CAN"]
[SourceTitle "EXT 2022"]
[Source "ChessBase"]
[SourceDate "2021.10.06"]
[SourceVersion "1"]
[SourceVersionDate "2021.10.06"]
[SourceQuality "1"]

1. d4 d5 2. c4 c6 3. e3 Nf6 4. Nf3 Bg4 5. Bd3 Nbd7 6. O-O e5 7. dxe5 Nxe5 8. Be2 Bxf3 9. Bxf3 dxc4 10. Qe2 Qd3 11. Rd1 Qxe2 12. Bxe2 Bb4 13. f4 Nd3 14. Bxd3 cxd3 15. Rxd3 O-O 16. Bd2 Bc5 17. b4 Bb6 18. Nc3 Rad8 19. Rxd8 Rxd8 20. Rd1 Ng4 21. Bc1 Re8 22. Na4 Nxe3 23. Rd3 Ng4+ 24. Be3 Bxe3+ 25. Kf1 Nxh2+ 26. Ke2 Bxf4+ 27. Kd1 b5 28. Nc5 Ng4 0-1

[Event "Scarborough CC Early Summer Swiss"]
[Site "Toronto CAN"]
[Date "2007.05.24"]
[Round "3"]
[White "Bellomo, Joe"]
[Black "Gillis, Doug"]
[Result "1-0"]
[WhiteElo "1766"]
[BlackElo "1558"]
[PlyCount "91"]
[GameId "2160767910684584"]
[EventDate "2007.05.10"]
[EventType "swiss"]
[EventRounds "8"]
[EventCountry "CAN"]
[SourceTitle "EXT 2022"]
[Source "ChessBase"]
[SourceDate "2021.10.06"]
[SourceVersion "1"]
[SourceVersionDate "2021.10.06"]
[SourceQuality "1"]

1. e4 e6 2. d4 d5 3. Nc3 dxe4 4. Nxe4 Qd5 5. Nc3 Bb4 6. a3 Bxc3+ 7. bxc3 Nc6 8. Nf3 Nf6 9. Be2 b6 10. O-O Bb7 11. c4 Qd7 12. Bb2 O-O-O 13. c3 Rhg8 14. Bc1 Ne4 15. Qc2 f5 16. Rd1 Qe7 17. d5 exd5 18. cxd5 Na5 19. c4 g5 20. Bb2 g4 21. Nd4 f4 22. Nf5 Qe8 23. Re1 g3 24. fxg3 fxg3 25. Nxg3 Qg6 26. Qxe4 Qxe4 27. Nxe4 Kb8 28. Bc3 Rde8 29. Bh5 Nxc4 30. Bxe8 Rxe8 31. Nf6 Re3 32. Rxe3 Nxe3 33. Re1 Nc4 34. a4 a6 35. Re7 h6 36. Rh7 Ne3 37. Be5 Nxd5 38. Nxd5 Bxd5 39. Bxc7+ Kb7 40. Bf4+ Kc8 41. Rxh6 b5 42. Rxa6 Kb7 43. axb5 Bc4 44. Ra1 Bxb5 45. Rb1 Kb6 46. Rxb5+ 1-0

[Event "Scarborough CC Early Summer Swiss"]
[Site "Toronto CAN"]
[Date "2007.05.24"]
[Round "3"]
[White "Douglas, Steven1"]
[Black "Pratt, Kyle"]
[Result "1-0"]
[WhiteElo "1628"]
[BlackElo "1662"]
[PlyCount "33"]
[GameId "2160767910684585"]
[EventDate "2007.05.10"]
[EventType "swiss"]
[EventRounds "8"]
[EventCountry "CAN"]
[SourceTitle "EXT 2022"]
[Source "ChessBase"]
[SourceDate "2021.10.06"]
[SourceVersion "1"]
[SourceVersionDate "2021.10.06"]
[SourceQuality "1"]

1. e4 c5 2. Nc3 Nc6 3. f4 d6 4. Bb5 Bd7 5. Bxc6 Bxc6 6. Nf3 g6 7. O-O Bg7 8. d3 Nf6 9. Qe1 O-O 10. Qh4 e6 11. f5 Nd7 12. Qh3 exf5 13. Bh6 Qf6 14. Ng5 Qd4+ 15. Kh1 fxe4 16. Nxh7 Kxh7 17. Be3+ 1-0

[Event "Scarborough CC Early Summer Swiss"]
[Site "Toronto CAN"]
[Date "2007.05.24"]
[Round "3"]
[White "Lamb, Bryan"]
[Black "Paterson, Jim"]
[Result "1-0"]
[WhiteElo "2204"]
[BlackElo "1858"]
[PlyCount "75"]
[GameId "2160767910684586"]
[EventDate "2007.05.10"]
[EventType "swiss"]
[EventRounds "8"]
[EventCountry "CAN"]
[SourceTitle "EXT 2022"]
[Source "ChessBase"]
[SourceDate "2021.10.06"]
[SourceVersion "1"]
[SourceVersionDate "2021.10.06"]
[SourceQuality "1"]

1. e4 c6 2. Nc3 d5 3. Nf3 Bg4 4. h3 Bh5 5. Be2 e6 6. O-O Bg6 7. exd5 exd5 8. Ne5 Bd6 9. d4 Ne7 10. f4 Nd7 11. Be3 O-O 12. g4 f6 13. Nd3 Qc7 14. Qd2 Nb6 15. b3 Rfe8 16. Rf2 Be4 17. h4 Ng6 18. h5 Nh4 19. Raf1 Qe7 20. Nd1 g6 21. Rh2 g5 22. fxg5 Bxh2+ 23. Kxh2 f5 24. Ne5 Rf8 25. Kg3 Ng2 26. gxf5 Nxe3 27. Qxe3 Nd7 28. f6 Qd6 29. Qf4 Nxe5 30. dxe5 Qc7 31. Ne3 Rae8 32. Ng4 Re6 33. g6 hxg6 34. hxg6 Bxg6 35. Qg5 Qh7 36. Rh1 Qxh1 37. Qxg6+ Kh8 38. Qg7# 1-0

[Event "Scarborough CC Early Summer Swiss"]
[Site "Toronto CAN"]
[Date "2007.05.24"]
[Round "3"]
[White "Mesiti, Silvano"]
[Black "Roe, Jim"]
[Result "1-0"]
[WhiteElo "1798"]
[BlackElo "1603"]
[PlyCount "46"]
[GameId "2160767910684587"]
[EventDate "2007.05.10"]
[EventType "swiss"]
[EventRounds "8"]
[EventCountry "CAN"]
[SourceTitle "EXT 2022"]
[Source "ChessBase"]
[SourceDate "2021.10.06"]
[SourceVersion "1"]
[SourceVersionDate "2021.10.06"]
[SourceQuality "1"]

1. e4 e6 2. Nf3 d5 3. exd5 exd5 4. d4 Nf6 5. Be2 Be7 6. O-O O-O 7. Re1 Bg4 8. Nc3 c6 9. Ne5 Bxe2 10. Rxe2 Nbd7 11. Bg5 Re8 12. Qd3 Nf8 13. Rae1 Ne6 14. Nxf7 Kxf7 15. Rxe6 Qd7 16. Qe2 Ne4 17. Rxe7+ Rxe7 18. Bxe7 Qxe7 19. f3 Qb4 20. fxe4 Qxd4+ 21. Kh1 Qe5 22. exd5 Qxe2 23. Rxe2 Rd8 1-0

[Event "Scarborough CC Early Summer Swiss"]
[Site "Toronto CAN"]
[Date "2007.05.24"]
[Round "3"]
[White "Moran, Mario"]
[Black "Jizan, Masoud"]
[Result "1-0"]
[WhiteElo "1775"]
[BlackElo "1621"]
[PlyCount "139"]
[GameId "2160767910684588"]
[EventDate "2007.05.10"]
[EventType "swiss"]
[EventRounds "8"]
[EventCountry "CAN"]
[SourceTitle "EXT 2022"]
[Source "ChessBase"]
[SourceDate "2021.10.06"]
[SourceVersion "1"]
[SourceVersionDate "2021.10.06"]
[SourceQuality "1"]

1. f4 d5 2. Nf3 Nc6 3. e3 Nf6 4. Bb5 Bg4 5. Bxc6+ bxc6 6. h3 Bxf3 7. Qxf3 e6 8. b3 Ne4 9. O-O Qf6 10. c3 Bd6 11. Bb2 a5 12. d3 Nc5 13. Qe2 Qg6 14. d4 Ne4 15. Rf3 h5 16. Nd2 Ng3 17. Qe1 h4 18. Rf2 Rb8 19. Nf3 f6 20. Qd1 Ne4 21. Re2 Qh5 22. c4 Bb4 23. cxd5 cxd5 24. Qc1 Qf7 25. Qc6+ Qd7 26. Rc1 Bd6 27. Qxd7+ Kxd7 28. Nd2 Ng3 29. Rf2 a4 30. Bc3 axb3 31. Nxb3 Ne4 32. Rfc2 Rb7 33. Be1 Ba3 34. Rb1 c5 35. dxc5 Bxc5 36. Nxc5+ Nxc5 37. Rxb7+ Nxb7 38. a4 Ra8 39. Ra2 Nd6 40. Bxh4 Nc4 41. Bf2 Kc6 42. g4 Rb8 43. a5 Ra8 44. a6 Kb5 45. a7 Kc6 46. Ra6+ Kd7 47. Kg2 Nd6 48. Kf3 Nb5 49. e4 d4 50. g5 fxg5 51. fxg5 e5 52. Rg6 Rxa7 53. Rxg7+ Ke6 54. Rxa7 Nxa7 55. h4 Kf7 56. Kg4 Nc6 57. Kf5 d3 58. Be3 Nd4+ 59. Kg4 Nb3 60. h5 d2 61. Bxd2 Nxd2 62. Kf5 Nc4 63. h6 Nd6+ 64. Kxe5 Ne8 65. Kd5 Kg6 66. e5 Kf7 67. e6+ Kg6 68. Kc6 Ng7 69. hxg7 Kxg7 70. Kd7 1-0

[Event "Scarborough CC Early Summer Swiss"]
[Site "Toronto CAN"]
[Date "2007.05.24"]
[Round "3"]
[White "Muir, Tom"]
[Black "Garel, Rick"]
[Result "0-1"]
[WhiteElo "1523"]
[BlackElo "1968"]
[PlyCount "32"]
[GameId "2160767910684590"]
[EventDate "2007.05.10"]
[EventType "swiss"]
[EventRounds "8"]
[EventCountry "CAN"]
[SourceTitle "EXT 2022"]
[Source "ChessBase"]
[SourceDate "2021.10.06"]
[SourceVersion "1"]
[SourceVersionDate "2021.10.06"]
[SourceQuality "1"]

1. e4 c6 2. d4 d5 3. e5 Bf5 4. Bd3 Bxd3 5. Qxd3 e6 6. Nf3 Qa5+ 7. Bd2 Qb6 8. b3 c5 9. c4 dxc4 10. Qxc4 Nc6 11. d5 exd5 12. Qxd5 Rd8 13. Qc4 Nd4 14. Ng5 Qg6 15. O-O b5 16. Qc3 Ne2+ 0-1

[Event "Scarborough CC Early Summer Swiss"]
[Site "Toronto CAN"]
[Date "2007.05.24"]
[Round "3"]
[White "Smith, Maurice"]
[Black "Blackman, Gord"]
[Result "1/2-1/2"]
[WhiteElo "1730"]
[BlackElo "1619"]
[PlyCount "71"]
[GameId "2160767910684591"]
[EventDate "2007.05.10"]
[EventType "swiss"]
[EventRounds "8"]
[EventCountry "CAN"]
[SourceTitle "EXT 2022"]
[Source "ChessBase"]
[SourceDate "2021.10.06"]
[SourceVersion "1"]
[SourceVersionDate "2021.10.06"]
[SourceQuality "1"]

1. e4 g6 2. d4 d6 3. f4 Bg7 4. Nf3 c6 5. Nc3 Nf6 6. Be2 Bg4 7. h3 Bxf3 8. Bxf3 O-O 9. O-O e6 10. Be3 Na6 11. Qe2 Nc7 12. Rad1 Qe7 13. Qf2 d5 14. e5 Nd7 15. Ne2 Nb6 16. b3 a5 17. a4 Nd7 18. Bd2 b5 19. Qe1 b4 20. Nc1 c5 21. dxc5 Nxc5 22. Kh1 Rab8 23. Be3 Rfc8 24. Bd4 Bh6 25. g3 N7a6 26. Qe2 Rb7 27. Nd3 Bf8 28. Rd2 Nxd3 29. Qxd3 Nc5 30. Qe2 Qc7 31. Rf2 Nd7 32. Bb2 Bc5 33. Rg2 Rb6 34. Qd1 Rc6 35. Rge2 Ba7 36. Kg2 1/2-1/2

[Event "Scarborough CC Early Summer Swiss"]
[Site "Toronto CAN"]
[Date "2007.05.24"]
[Round "3"]
[White "Verde, Pino"]
[Black "Termeer, Ted"]
[Result "1-0"]
[WhiteElo "1762"]
[BlackElo "1384"]
[PlyCount "88"]
[GameId "2160767910684592"]
[EventDate "2007.05.10"]
[EventType "swiss"]
[EventRounds "8"]
[EventCountry "CAN"]
[SourceTitle "EXT 2022"]
[Source "ChessBase"]
[SourceDate "2021.10.06"]
[SourceVersion "1"]
[SourceVersionDate "2021.10.06"]
[SourceQuality "1"]

1. d4 Nf6 2. c4 e5 3. e3 Bb4+ 4. Bd2 Qe7 5. a3 Bxd2+ 6. Qxd2 exd4 7. Qxd4 Nc6 8. Qf4 d6 9. Nc3 O-O 10. Nd5 Nxd5 11. cxd5 Ne5 12. e4 g5 13. Qe3 f5 14. f3 fxe4 15. fxe4 Ng4 16. Qe2 Rf4 17. O-O-O Rf2 18. Qd3 Qf6 19. Ne2 Ne5 20. Qc3 Bg4 21. Re1 Rf8 22. Ng3 h5 23. h3 Qf4+ 24. Kb1 Bd7 25. Nxh5 Qd2 26. Ng3 b5 27. h4 a5 28. hxg5 b4 29. Qxd2 Rxd2 30. axb4 axb4 31. Nh5 Rff2 32. Nf6+ Kg7 33. Re2 Rxf1+ 34. Rxf1 Rxe2 35. Nxd7 Nxd7 36. Rf4 b3 37. Kc1 Ne5 38. Rh4 Rc2+ 39. Kd1 Rxg2 40. Rh3 Rxb2 41. Rc3 Rb1+ 42. Kd2 b2 43. Rxc7+ Kg6 44. Kc2 Rc1+ 1-0

[Event "Scarborough CC Early Summer Swiss"]
[Site "Toronto CAN"]
[Date "2007.05.31"]
[Round "4"]
[White "Garel, Rick"]
[Black "Lamb, Bryan"]
[Result "0-1"]
[WhiteElo "1968"]
[BlackElo "2204"]
[PlyCount "98"]
[GameId "2160767910684593"]
[EventDate "2007.05.10"]
[EventType "swiss"]
[EventRounds "8"]
[EventCountry "CAN"]
[SourceTitle "EXT 2022"]
[Source "ChessBase"]
[SourceDate "2021.10.06"]
[SourceVersion "1"]
[SourceVersionDate "2021.10.06"]
[SourceQuality "1"]

1. c4 Nf6 2. Nc3 g6 3. Nf3 Bg7 4. g3 O-O 5. Bg2 d6 6. d4 Nbd7 7. O-O e5 8. e4 c6 9. d5 Nc5 10. Qc2 cxd5 11. cxd5 a5 12. Be3 b6 13. Rfc1 Ng4 14. Bg5 f6 15. Bd2 f5 16. Bg5 Qe8 17. h3 Nf6 18. Nd2 Ba6 19. Bf1 Nh5 20. Bxa6 Rxa6 21. a4 f4 22. g4 h6 23. gxh5 hxg5 24. hxg6 f3 25. Nc4 g4 26. hxg4 Rf4 27. Ne3 Rxg4+ 28. Kf1 Qxg6 29. Ke1 Bh6 30. Ncd1 Rxe4 31. Kd2 Rd4+ 32. Kc3 Rd3+ 33. Kc4 b5+ 34. Kxb5 Rb3+ 35. Qxb3 Nxb3 36. Kxa6 Qd3+ 37. Kb7 Nxa1 38. Rxa1 Qe2 39. Kc7 Bxe3 40. Nxe3 Qxf2 41. Nd1 Qg1 42. Kxd6 f2 43. Nxf2 Qxa1 44. Ne4 Qxb2 45. Ke6 Kf8 46. d6 Qb3+ 47. Kxe5 Qxa4 48. Nc5 Qb4 49. Kd5 Ke8 0-1

[Event "Scarborough CC Early Summer Swiss"]
[Site "Toronto CAN"]
[Date "2007.05.31"]
[Round "4"]
[White "Hall, John2"]
[Black "Deiseach, Donald"]
[Result "1-0"]
[WhiteElo "2084"]
[BlackElo "1952"]
[PlyCount "75"]
[GameId "2160767910684594"]
[EventDate "2007.05.10"]
[EventType "swiss"]
[EventRounds "8"]
[EventCountry "CAN"]
[SourceTitle "EXT 2022"]
[Source "ChessBase"]
[SourceDate "2021.10.06"]
[SourceVersion "1"]
[SourceVersionDate "2021.10.06"]
[SourceQuality "1"]

1. d4 d5 2. c4 c6 3. Nc3 Nf6 4. e3 Nbd7 5. Nf3 e6 6. Qc2 Be7 7. Bd3 h6 8. O-O b6 9. e4 dxc4 10. Bxc4 Bb7 11. Bf4 Rc8 12. Rad1 O-O 13. Rfe1 b5 14. Bd3 Qb6 15. Qe2 Rfe8 16. e5 Nh7 17. Qe4 Nhf8 18. Bxh6 gxh6 19. Qg4+ Kh8 20. Qh5 Kg7 21. Re4 f5 22. exf6+ Nxf6 23. Qe5 Qc7 24. Rg4+ Kh8 25. Rg3 Bd8 26. Qe3 Ng8 27. Ne5 Bf6 28. Ng4 Bg5 29. Qe2 Re7 30. Ne4 Bf4 31. Rh3 c5 32. dxc5 Qc6 33. g3 Bg5 34. f4 Nf6 35. fxg5 Nxe4 36. Rxh6+ Kg8 37. Bxe4 Qxe4 38. Nf6+ 1-0

[Event "Scarborough CC Early Summer Swiss"]
[Site "Toronto CAN"]
[Date "2007.05.31"]
[Round "4"]
[White "Paterson, Jim"]
[Black "Termeer, Ted"]
[Result "1-0"]
[WhiteElo "1897"]
[BlackElo "1384"]
[PlyCount "147"]
[GameId "2160767910684595"]
[EventDate "2007.05.10"]
[EventType "swiss"]
[EventRounds "8"]
[EventCountry "CAN"]
[SourceTitle "EXT 2022"]
[Source "ChessBase"]
[SourceDate "2021.10.06"]
[SourceVersion "1"]
[SourceVersionDate "2021.10.06"]
[SourceQuality "1"]

1. d4 Nf6 2. Nf3 d5 3. c4 e6 4. Nc3 Be7 5. Bf4 a6 6. e3 Nh5 7. Bg3 Nxg3 8. hxg3 c6 9. Ne5 Nd7 10. Qf3 Nxe5 11. dxe5 b5 12. cxd5 cxd5 13. Qg4 g6 14. Bd3 Qa5 15. O-O Bb7 16. a3 Qb6 17. Qe2 O-O 18. Nd1 Rfc8 19. f4 d4 20. e4 Bf8 21. Nf2 Bg7 22. g4 Rc5 23. Rac1 Rac8 24. Rxc5 Rxc5 25. g5 Qa7 26. Ng4 Qa8 27. Nf6+ Bxf6 28. exf6 Rc7 29. g4 Kh8 30. Kf2 Rd7 31. Rh1 Qe8 32. Rh6 Qg8 33. Qf3 Rc7 34. Qh1 Rd7 35. Ke2 Rc7 36. Kd2 Rd7 37. Qh4 Rc7 38. f5 e5 39. b4 Rc8 40. fxg6 fxg6 41. Qh2 Re8 42. Bc2 Qf7 43. Bb3 Qc7 44. Rh3 Rc8 45. Ke2 Qd7 46. Qxe5 Qxg4+ 47. Rf3 Qxe4+ 48. Qxe4 Bxe4 49. Rf4 d3+ 50. Kd2 Bf5 51. Rd4 Re8 52. Rd6 Re2+ 53. Kc3 Re8 54. Rxa6 Rc8+ 55. Kd2 Re8 56. Rd6 Rf8 57. Rd5 h5 58. Rxb5 h4 59. Bd5 h3 60. Ra5 h2 61. Ra8 Bc8 62. Kxd3 Rd8 63. Ke3 Rxd5 64. Rxc8+ Kh7 65. Rc1 Rxg5 66. Rh1 Rh5 67. Kf4 Kg8 68. Kg3 Kf7 69. Rxh2 Rg5+ 70. Kf4 Rf5+ 71. Ke3 Rxf6 72. Rf2 g5 73. Rxf6+ Kxf6 74. b5 1-0

[Event "Scarborough CC Early Summer Swiss"]
[Site "Toronto CAN"]
[Date "2007.05.31"]
[Round "4"]
[White "Philip, Andrew"]
[Black "Armstrong, Robert J"]
[Result "0-1"]
[WhiteElo "1648"]
[BlackElo "1783"]
[PlyCount "55"]
[GameId "2160767910684596"]
[EventDate "2007.05.10"]
[EventType "swiss"]
[EventRounds "8"]
[EventCountry "CAN"]
[SourceTitle "EXT 2022"]
[Source "ChessBase"]
[SourceDate "2021.10.06"]
[SourceVersion "1"]
[SourceVersionDate "2021.10.06"]
[SourceQuality "1"]

1. d4 g6 2. c4 Bg7 3. Nc3 d6 4. e4 Nf6 5. Nge2 O-O 6. Ng3 c5 7. d5 e6 8. Be2 exd5 9. exd5 Re8 10. O-O a6 11. Bf4 Qc7 12. Qd2 Nbd7 13. Bh6 Ne5 14. h4 Neg4 15. Bxg7 Kxg7 16. Rae1 h5 17. Bd3 Bd7 18. b3 Re5 19. f3 Rxe1 20. Rxe1 Ne5 21. Nce4 Nxd3 22. Qxd3 Nxe4 23. Nxe4 Re8 24. Qc3+ Kh6 25. Qf6 Bf5 26. Kf2 Bxe4 27. Rxe4 Qd8 28. Rxe8 0-1

[Event "Scarborough CC Early Summer Swiss"]
[Site "Toronto CAN"]
[Date "2007.05.31"]
[Round "4"]
[White "Roe, Jim"]
[Black "Pratt, Kyle"]
[Result "0-1"]
[WhiteElo "1605"]
[BlackElo "1662"]
[PlyCount "50"]
[GameId "2160767910684597"]
[EventDate "2007.05.10"]
[EventType "swiss"]
[EventRounds "8"]
[EventCountry "CAN"]
[SourceTitle "EXT 2022"]
[Source "ChessBase"]
[SourceDate "2021.10.06"]
[SourceVersion "1"]
[SourceVersionDate "2021.10.06"]
[SourceQuality "1"]

1. d4 Nf6 2. c4 g6 3. Nc3 Bg7 4. e4 d6 5. f3 O-O 6. Be3 Nc6 7. a3 Bd7 8. Bd3 Re8 9. Nge2 e5 10. d5 Ne7 11. O-O c6 12. Qd2 cxd5 13. cxd5 a6 14. f4 Ng4 15. Rf3 Nxe3 16. Qxe3 exf4 17. Qxf4 Qb6+ 18. Kf1 Qxb2 19. Rb1 Qxa3 20. Qxf7+ Kh8 21. Rxb7 Bg4 22. Rxe7 Rxe7 23. Qxe7 Bxf3 24. gxf3 Bxc3 25. Nf4 Qc1+ 0-1

[Event "Scarborough CC Early Summer Swiss"]
[Site "Toronto CAN"]
[Date "2007.05.31"]
[Round "4"]
[White "Yuan, Yuanling"]
[Black "Moysoski, Randy"]
[Result "1-0"]
[WhiteElo "1951"]
[BlackElo "1941"]
[PlyCount "73"]
[GameId "2160767910684598"]
[EventDate "2007.05.10"]
[EventType "swiss"]
[EventRounds "8"]
[EventCountry "CAN"]
[SourceTitle "EXT 2022"]
[Source "ChessBase"]
[SourceDate "2021.10.06"]
[SourceVersion "1"]
[SourceVersionDate "2021.10.06"]
[SourceQuality "1"]

1. e4 d5 2. exd5 Nf6 3. d4 Bg4 4. f3 Bf5 5. Bb5+ Nbd7 6. Ne2 Nxd5 7. Ng3 Bg6 8. O-O e6 9. Bd3 c6 10. Ne4 Qb6 11. c3 Be7 12. Kh1 N7f6 13. Nbd2 Qc7 14. Nc4 Nd7 15. Ne3 N7f6 16. a4 a5 17. Re1 O-O 18. Nxf6+ Nxf6 19. Bxg6 hxg6 20. Nc4 Rfd8 21. Qe2 Rd5 22. Ne5 Bd6 23. f4 Re8 24. Be3 Bf8 25. Rf1 Rdd8 26. Rf3 Nh5 27. Rh3 Qe7 28. Qf2 f6 29. Nxg6 Qf7 30. Nxf8 Kxf8 31. g4 Nxf4 32. Rh8+ Ke7 33. Rxe8+ Qxe8 34. Qxf4 Qg6 35. Re1 Kd7 36. Bf2 Rh8 37. Bg3 1-0

[Event "Scarborough CC Early Summer Swiss"]
[Site "Toronto CAN"]
[Date "2007.05.10"]
[Round "5"]
[White "Pratt, Kyle"]
[Black "Shah, Vanshil"]
[Result "1-0"]
[WhiteElo "1662"]
[BlackElo "1239"]
[PlyCount "21"]
[GameId "2160767910684599"]
[EventDate "2007.05.10"]
[EventType "swiss"]
[EventRounds "8"]
[EventCountry "CAN"]
[SourceTitle "EXT 2022"]
[Source "ChessBase"]
[SourceDate "2021.10.06"]
[SourceVersion "1"]
[SourceVersionDate "2021.10.06"]
[SourceQuality "1"]

1. e4 e5 2. Nf3 Nc6 3. Bb5 Nf6 4. O-O Bc5 5. c3 O-O 6. d4 Be7 7. dxe5 Nxe4 8. Qd5 b6 9. Qxe4 Bb7 10. Bd3 Na5 11. Qxh7# 1-0

[Event "Scarborough CC Early Summer Swiss"]
[Site "Toronto CAN"]
[Date "2007.06.07"]
[Round "5"]
[White "Armstrong, Robert J"]
[Black "Karpik, Steve"]
[Result "1-0"]
[WhiteElo "1799"]
[BlackElo "1637"]
[PlyCount "51"]
[GameId "2160767910684600"]
[EventDate "2007.05.10"]
[EventType "swiss"]
[EventRounds "8"]
[EventCountry "CAN"]
[SourceTitle "EXT 2022"]
[Source "ChessBase"]
[SourceDate "2021.10.06"]
[SourceVersion "1"]
[SourceVersionDate "2021.10.06"]
[SourceQuality "1"]

1. d4 Nf6 2. c4 g6 3. Nc3 Bg7 4. e4 d6 5. f3 O-O 6. Be3 Nbd7 7. g4 e5 8. d5 a6 9. Nge2 Nb6 10. Ng3 Bd7 11. h4 Qc8 12. Qd2 c5 13. h5 Bxg4 14. fxg4 Qxg4 15. Qf2 Rad8 16. Bh3 Qh4 17. Bf5 Nxe4 18. Ncxe4 Qe7 19. hxg6 fxg6 20. Be6+ Kh8 21. Qh2 Bf6 22. Ng5 h5 23. Nxh5 Bxg5 24. Nf4+ Kg7 25. Qh7+ Kf6 26. Qxg6# 1-0